000 00619nam a2200241 i 4500
001 C2-0086512
003 PPAK
005 20180727091039.0
008 970505s1987 enk |||| ||||| | eng d
020 _a0241118506
040 _aPPAK
_beng
_cPPAK
_erda
082 0 4 _a599.8842
_223
090 0 0 _a599.8842
_bSCH
_dG
100 1 _aSchwartz, Jeffery H.,
_eauthor
245 1 4 _aThe red ape
264 1 _aLondon :
_bElm Tree Books ,
_c1987
300 _a337 pages ;
_c24 cm
336 _2rdacontent
_atext
337 _2rdamedia
_aunmediated
338 _2rdacarrier
_avolume
650 1 0 _aOrang utan
942 _ddc
_cB
999 _c17749
_d17749